[Event "Championnat de Ligue Individuel"]
[Site "Vendin les Bethune"]
[Date "2010.??.??"]
[Round "7.6"]
[White "Eeckhout, Jean Louis"]
[Black "Ait Chaouche, Samy"]
[Result "0-1"]
[WhiteElo "1786"]
[BlackElo "2019"]
[PlyCount "104"]
[EventDate "2008.??.??"]
[EventType "swiss"]
[EventRounds "7"]
[EventCountry "FRA"]
[WhiteTeamCountry "FRA"]
[BlackTeamCountry "FRA"]

1. d4 Nf6 2. c4 c5 3. d5 e6 4. Nc3 exd5 5. cxd5 d6 6. e4 g6 7. Nf3 Bg4 8. Be2
Bxf3 9. Bxf3 Bg7 10. O-O O-O 11. a4 Na6 12. Re1 Re8 13. Rb1 Nd7 14. Nb5 Ne5 15.
Be2 g5 16. g3 Nb4 17. Kh1 a6 18. Na3 Rb8 19. Be3 Ng6 20. Bf3 b5 21. axb5 axb5
22. Qd2 h6 23. Bg2 Ne5 24. Bf1 Nf3 25. Qe2 Nxe1 26. Rxe1 Rxe4 27. Bg2 Re7 28.
Nxb5 Nc2 29. Qxc2 Rxb5 30. Rb1 Qb6 31. b3 Qb8 32. Bf1 Rb6 33. Bc4 Qc8 34. Kg2
f5 35. Bd2 Qf8 36. f3 Qf6 37. Rc1 Qd4 38. Rd1 Qf6 39. Rc1 Rb8 40. Qd3 Qd4 41.
Qc2 g4 42. f4 Qe4+ 43. Qxe4 Rxe4 44. Rc2 Kf7 45. Ra2 Kg6 46. Kf1 Rbe8 47. Rc2
Ra8 48. Kg2 Ra1 49. Bc3 Bxc3 50. Rxc3 Ra2+ 51. Kf1 Rxh2 52. Kg1 Rd2 0-1

[Event "Championnat de Ligue Individuel"]
[Site "Vendin les Bethune"]
[Date "2010.??.??"]
[Round "1.2"]
[White "Eeckhout, Jean Louis"]
[Black "Bianchi, Guillaume"]
[Result "0-1"]
[WhiteElo "1786"]
[BlackElo "2202"]
[PlyCount "64"]
[EventDate "2008.??.??"]
[EventType "swiss"]
[EventRounds "7"]
[EventCountry "FRA"]
[WhiteTeamCountry "FRA"]
[BlackTeamCountry "FRA"]

1. d4 Nf6 2. c4 g6 3. Nc3 Bg7 4. e4 d6 5. f3 O-O 6. Be3 c5 7. d5 e6 8. Qd2 exd5
9. cxd5 a6 10. Bh6 b5 11. Bxg7 Kxg7 12. g4 b4 13. Nd1 Bxg4 14. Bd3 Bh5 15. Nf2
Nbd7 16. f4 Re8 17. Ne2 Bxe2 18. Qxe2 Nxd5 19. Qg4 N5f6 20. Qg2 d5 21. O-O dxe4
22. Bxe4 Ra7 23. Bf3 Qb8 24. f5 Ne5 25. Be2 a5 26. fxg6 hxg6 27. Qg5 Qb6 28.
Rae1 Rae7 29. Qd2 Nc6 30. Bd1 Nd4 31. Rxe7 Rxe7 32. Re1 Qd6 0-1

[Event "Championnat de Ligue Individuel"]
[Site "Vendin les Bethune"]
[Date "2010.??.??"]
[Round "4.8"]
[White "Eeckhout, Jean Louis"]
[Black "Bocquet, David"]
[Result "1/2-1/2"]
[WhiteElo "1786"]
[BlackElo "1767"]
[PlyCount "84"]
[EventDate "2008.??.??"]
[EventType "swiss"]
[EventRounds "7"]
[EventCountry "FRA"]
[WhiteTeamCountry "FRA"]
[BlackTeamCountry "FRA"]

1. d4 f5 2. c4 e6 3. g3 Be7 4. Bg2 c6 5. Nc3 d5 6. cxd5 cxd5 7. Nf3 Bd7 8. O-O
Nc6 9. Bf4 Nf6 10. Nb5 O-O 11. Ng5 Ne8 12. Nf3 a6 13. Nc3 Bf6 14. Ne5 Bxe5 15.
Bxe5 Nxe5 16. dxe5 Rc8 17. Qb3 Bc6 18. f4 Qe7 19. Qb6 Qc7 20. Qd4 Qe7 21. Rfc1
Nc7 22. a4 Kh8 23. b4 Qd7 24. e3 b5 25. a5 Rfd8 26. Ne2 Ne8 27. Rc5 Bb7 28.
Rac1 Rxc5 29. Rxc5 Rc8 30. Qc3 Kg8 31. Nd4 Rxc5 32. Qxc5 Qc8 33. Nb3 Kf7 34.
Kf2 Qxc5 35. Nxc5 Bc8 36. Ke2 Ke7 37. Kd3 Kd8 38. Kd4 Kc7 39. Bf3 g6 40. g4 Ng7
41. h3 Kc6 42. g5 Kc7 1/2-1/2

[Event "Championnat de Ligue Individuel"]
[Site "Vendin les Bethune"]
[Date "2010.??.??"]
[Round "3.9"]
[White "Eeckhout, Jean Louis"]
[Black "Dupont, Clement"]
[Result "1-0"]
[WhiteElo "1786"]
[BlackElo "1440"]
[PlyCount "77"]
[EventDate "2008.??.??"]
[EventType "swiss"]
[EventRounds "7"]
[EventCountry "FRA"]
[WhiteTeamCountry "FRA"]
[BlackTeamCountry "FRA"]

1. d4 Nf6 2. c4 g6 3. Nc3 Bg7 4. e4 d6 5. f3 O-O 6. Be3 e5 7. d5 c6 8. Qd2 cxd5
9. cxd5 Nh5 10. g4 Nf6 11. h4 h5 12. g5 Nh7 13. O-O-O a6 14. Kb1 Qc7 15. Rc1
Qa5 16. Qf2 b5 17. Bb6 Qb4 18. Bc7 Qc5 19. Qxc5 dxc5 20. d6 Nd7 21. Bh3 Re8 22.
Bxd7 Bxd7 23. Nd5 Nf8 24. Rxc5 Ne6 25. Rc1 Ra7 26. Rh2 Nxc7 27. dxc7 Bc8 28.
Rd2 Re6 29. Nf6+ Bxf6 30. Rd8+ Kh7 31. Rxc8 Be7 32. Rh8+ Kxh8 33. c8=Q+ Kg7 34.
Rc7 Rxc7 35. Qxc7 Rd6 36. Qxe7 Rd1+ 37. Kc2 Rxg1 38. Qxe5+ Kh7 39. Qf6 1-0

[Event "FRA T U 20"]
[Site "Mulhouse"]
[Date "2010.??.??"]
[Round "1.4"]
[White "Eid, Amine"]
[Black "Fischer, Julie"]
[Result "1-0"]
[WhiteElo "1866"]
[BlackElo "1707"]
[PlyCount "79"]
[EventDate "2010.??.??"]
[EventType "match"]
[EventCountry "FRA"]
[WhiteTeamCountry "FRA"]
[BlackTeamCountry "FRA"]

1. e4 c5 2. Nf3 e6 3. d4 cxd4 4. Nxd4 Nc6 5. Be2 Nf6 6. Nc3 a6 7. O-O Qc7 8.
Kh1 Bb4 9. Nxc6 Bxc3 10. bxc3 bxc6 11. Qd4 c5 12. Qe3 Bb7 13. f3 O-O 14. c4 d6
15. Bb2 Nd7 16. f4 Bc6 17. Bc3 Rab8 18. Rad1 Nb6 19. Qg3 f5 20. exf5 exf5 21.
Rxd6 Rf7 22. Be5 Rd8 23. Rfd1 Rxd6 24. Bxd6 Qc8 25. Qe3 Nd7 26. Bf3 Bxf3 27.
Qxf3 Nf6 28. Rb1 Ne4 29. Rb8 Nxd6 30. Rxc8+ Nxc8 31. Qc6 Rf8 32. Qxc5 Rd8 33.
h3 Nd6 34. Qd5+ Kf8 35. c5 Nf7 36. Qxf5 g6 37. Qe6 a5 38. c6 Rd6 39. Qc8+ Rd8
40. Qxd8+ 1-0

[Event "FRA T U 20"]
[Site "Mulhouse"]
[Date "2010.??.??"]
[Round "2.4"]
[White "Eid, Amine"]
[Black "Messinger, Karl"]
[Result "0-1"]
[WhiteElo "1866"]
[BlackElo "1758"]
[PlyCount "64"]
[EventDate "2010.??.??"]
[EventType "match"]
[EventCountry "FRA"]
[WhiteTeamCountry "FRA"]
[BlackTeamCountry "FRA"]

1. e4 c5 2. Nf3 Nc6 3. d4 cxd4 4. Nxd4 g6 5. Nc3 Bg7 6. Be3 Nf6 7. Bc4 Qa5 8.
O-O O-O 9. Bb3 d6 10. h3 Bd7 11. f4 Nxd4 12. Bxd4 Bc6 13. e5 dxe5 14. fxe5 Nh5
15. e6 fxe6 16. Bxe6+ Kh8 17. Bxg7+ Nxg7 18. Bg4 Qb6+ 19. Kh1 Rxf1+ 20. Qxf1
Qxb2 21. Ne2 h5 22. Rb1 Qxc2 23. Rc1 Qd3 24. Rc3 Qd6 25. Bf3 Rf8 26. Qc1 Bxf3
27. Rxf3 Rxf3 28. gxf3 Qd3 29. Ng1 Nf5 30. Qc8+ Kh7 31. Qxb7 Qd2 32. Qc7 Qf2
0-1

[Event "2eme Open Tarn Nord"]
[Site "Blaye les Mines"]
[Date "2010.??.??"]
[Round "1.3"]
[White "Fabre, Philippe"]
[Black "Caron, Jean Marie"]
[Result "0-1"]
[WhiteElo "1720"]
[BlackElo "1938"]
[PlyCount "46"]
[EventDate "2006.??.??"]
[EventType "swiss"]
[EventRounds "7"]
[EventCountry "FRA"]
[WhiteTeamCountry "FRA"]
[BlackTeamCountry "FRA"]

1. e4 e6 2. d4 d5 3. Nc3 Nf6 4. e5 Nfd7 5. f4 Be7 6. Nf3 O-O 7. Be2 c5 8. O-O
Nc6 9. Be3 a6 10. g4 Qc7 11. Qd2 b5 12. Nd1 f6 13. f5 cxd4 14. Nxd4 Nxd4 15.
Bxd4 fxe5 16. fxe6 Nf6 17. Bf2 Bxe6 18. Bf3 e4 19. Bg3 Qb6+ 20. Bf2 Bc5 21. Be2
Rad8 22. g5 Ng4 23. Bxg4 Bxg4 0-1

[Event "2eme Open Tarn Nord"]
[Site "Blaye les Mines"]
[Date "2010.??.??"]
[Round "4.6"]
[White "Fabre, Philippe"]
[Black "Gipouloux, Laurent"]
[Result "1/2-1/2"]
[WhiteElo "1720"]
[BlackElo "1760"]
[PlyCount "85"]
[EventDate "2006.??.??"]
[EventType "swiss"]
[EventRounds "7"]
[EventCountry "FRA"]
[WhiteTeamCountry "FRA"]
[BlackTeamCountry "FRA"]

1. e4 e5 2. Nf3 Nc6 3. Bb5 a6 4. Ba4 Nf6 5. O-O Nxe4 6. d4 b5 7. Bb3 d5 8. dxe5
Be6 9. c3 Be7 10. Re1 Nc5 11. Bc2 Bg4 12. Nbd2 d4 13. cxd4 Nxd4 14. h3 Nxc2 15.
Qxc2 Bh5 16. Qc3 O-O 17. b3 Nd3 18. Re3 Bg6 19. Ne4 Nf4 20. Re1 Nd3 21. Re3
Nxc1 22. Rxc1 Bxe4 23. Rxe4 c5 24. Qc2 Qb6 25. Rd1 Rad8 26. Ree1 Rxd1 27. Rxd1
Rd8 28. Rd3 Rxd3 29. Qxd3 Qd8 30. Qxd8+ Bxd8 31. Ne1 Kf8 32. Kf1 f6 33. exf6
Bxf6 34. Ke2 Ke7 35. Kd3 Kd6 36. Ke4 a5 37. Nd3 c4 38. bxc4 bxc4 39. Ne1 Kc5
40. Nc2 c3 41. Kd3 a4 42. Na3 Kb4 43. Nc2+ 1/2-1/2

[Event "2eme Open Tarn Nord"]
[Site "Blaye les Mines"]
[Date "2010.??.??"]
[Round "3.5"]
[White "Fabre, Philippe"]
[Black "Lefevre, Gerard"]
[Result "1-0"]
[WhiteElo "1720"]
[BlackElo "1920"]
[PlyCount "52"]
[EventDate "2006.??.??"]
[EventType "swiss"]
[EventRounds "7"]
[EventCountry "FRA"]
[WhiteTeamCountry "FRA"]
[BlackTeamCountry "FRA"]

1. c4 d5 2. cxd5 Nf6 3. Nc3 Nxd5 4. e4 Nxc3 5. bxc3 c5 6. d4 e6 7. Nf3 Nc6 8.
Bc4 cxd4 9. cxd4 Bb4+ 10. Bd2 Qa5 11. a3 Bxd2+ 12. Qxd2 O-O 13. Qxa5 Nxa5 14.
Ba2 b6 15. O-O Ba6 16. Rfe1 Rac8 17. Rac1 Bc4 18. Bxc4 Nxc4 19. a4 Nb2 20. Ra1
Rc4 21. a5 b5 22. Reb1 Rc2 23. d5 a6 24. d6 Nc4 25. e5 Rc3 26. Nd4 Nxe5 1-0

[Event "2eme Open Tarn Nord"]
[Site "Blaye les Mines"]
[Date "2010.??.??"]
[Round "7.8"]
[White "Fabre, Philippe"]
[Black "Pierre, Timothee"]
[Result "0-1"]
[WhiteElo "1720"]
[BlackElo "1937"]
[PlyCount "44"]
[EventDate "2006.??.??"]
[EventType "swiss"]
[EventRounds "7"]
[EventCountry "FRA"]
[WhiteTeamCountry "FRA"]
[BlackTeamCountry "FRA"]

1. e4 e5 2. Nf3 Nc6 3. Bb5 a6 4. Ba4 b5 5. Bb3 d6 6. h3 Be6 7. Bxe6 fxe6 8. O-O
Nf6 9. Re1 Be7 10. c3 O-O 11. Ng5 Qd7 12. Qb3 d5 13. exd5 exd5 14. d3 Nh5 15.
Nf3 Rf5 16. a4 b4 17. d4 e4 18. Ne5 Nxe5 19. dxe5 Re8 20. Be3 Kh8 21. Nd2 c5
22. cxb4 d4 0-1

[Event "LUCOPEN 01st Op"]
[Site "Lille"]
[Date "2010.??.??"]
[Round "4.25"]
[White "Faille, Alex"]
[Black "Lechelle, William"]
[Result "0-1"]
[WhiteElo "1670"]
[BlackElo "2025"]
[PlyCount "44"]
[EventDate "2010.04.??"]
[EventType "swiss"]
[EventRounds "7"]
[EventCountry "FRA"]
[WhiteTeamCountry "FRA"]
[BlackTeamCountry "FRA"]

1. e4 Nf6 2. e5 Nd5 3. c4 Nb6 4. d4 d6 5. exd6 cxd6 6. g3 g6 7. b3 Bg7 8. Bg2
Nc6 9. Bb2 O-O 10. Nf3 Bg4 11. O-O e5 12. dxe5 Nxe5 13. Nc3 Qf6 14. Na4 Nxa4
15. Bxe5 dxe5 16. h3 Nc3 17. Qe1 Bxf3 18. Qxc3 e4 19. Qb4 Bxg2 20. Kxg2 Qf3+
21. Kg1 Bd4 22. Qxb7 Qxg3+ 0-1

[Event "Open International d'Ambès 2010"]
[Site "Ambes"]
[Date "2010.??.??"]
[Round "7.9"]
[White "Fantinel, Thibault"]
[Black "Delgrange, Jean Loup"]
[Result "1-0"]
[WhiteElo "2187"]
[BlackElo "1876"]
[PlyCount "79"]
[EventDate "2010.04.??"]
[EventType "swiss"]
[EventRounds "9"]
[EventCountry "FRA"]
[WhiteTeamCountry "FRA"]
[BlackTeamCountry "FRA"]

1. e4 d6 2. d4 Nf6 3. Nc3 g6 4. Bc4 Bg7 5. Qe2 O-O 6. Nf3 Nc6 7. h3 e5 8. dxe5
Nxe5 9. Nxe5 dxe5 10. O-O Nh5 11. Rd1 Qh4 12. Qf3 Be6 13. Bb3 Rad8 14. Rxd8
Qxd8 15. Bxe6 fxe6 16. Qg4 Qf6 17. Be3 b6 18. g3 Qf7 19. Rd1 Qe8 20. Qe2 Qf7
21. a4 Nf4 22. Qf1 g5 23. Bc1 Nxh3+ 24. Qxh3 Qxf2+ 25. Kh1 Rf6 26. Bxg5 Qf3+
27. Qg2 Qh5+ 28. Bh4 Rh6 29. Kg1 Bf8 30. Rf1 Bc5+ 31. Kh2 Qg5 32. Qf3 Qe7 33.
Qg4+ Kh8 34. Kg2 Qd7 35. Bf6+ Rxf6 36. Rxf6 Qd2+ 37. Kh3 Qc1 38. Qf3 Qg5 39.
Rf8+ Kg7 40. Qf7+ 1-0

[Event "Condom op 10th"]
[Site "Condom"]
[Date "2010.??.??"]
[Round "3.4"]
[White "Fantinel, Thibault"]
[Black "Genov, Petar"]
[Result "0-1"]
[WhiteElo "2209"]
[BlackElo "2442"]
[PlyCount "64"]
[EventDate "2010.07.??"]
[EventType "swiss"]
[EventRounds "9"]
[EventCountry "FRA"]
[WhiteTeamCountry "FRA"]
[BlackTeamCountry "FRA"]

1. c4 b6 2. Nc3 Bb7 3. e4 e6 4. Nge2 Nf6 5. d3 c5 6. g3 Be7 7. Bg2 O-O 8. O-O
Nc6 9. f4 a6 10. h3 Rb8 11. Be3 d5 12. exd5 exd5 13. Bf2 Na5 14. b3 Qd7 15. Kh2
b5 16. cxd5 Nxd5 17. Ne4 Nb4 18. d4 c4 19. bxc4 bxc4 20. N2c3 Nd3 21. Bg1 f5
22. Nd2 Bxg2 23. Kxg2 Rb2 24. Rb1 Rfb8 25. Qe2 h6 26. Rxb2 Rxb2 27. Rb1 Rc2 28.
Rb8+ Kh7 29. Ncb1 Nc6 30. Rb6 Nxd4 31. Qh5 Qd5+ 32. Kh2 Nf3+ 0-1

[Event "Open International d'Ambès 2010"]
[Site "Ambes"]
[Date "2010.??.??"]
[Round "5.5"]
[White "Fantinel, Thibault"]
[Black "L'Hospital, Philippe"]
[Result "1-0"]
[WhiteElo "2187"]
[BlackElo "1891"]
[PlyCount "47"]
[EventDate "2010.04.??"]
[EventType "swiss"]
[EventRounds "9"]
[EventCountry "FRA"]
[WhiteTeamCountry "FRA"]
[BlackTeamCountry "FRA"]

1. e4 d6 2. d4 Nf6 3. Nc3 Nbd7 4. g4 e5 5. g5 Ng8 6. Nf3 c6 7. Be3 g6 8. Qd2
Bg7 9. O-O-O Qc7 10. h4 Ne7 11. h5 b5 12. dxe5 Bxe5 13. Nxe5 dxe5 14. hxg6 fxg6
15. f4 O-O 16. Qh2 Rf7 17. f5 Bb7 18. f6 Nc8 19. Bh3 Nf8 20. Bc5 a5 21. Bxf8
Kxf8 22. Be6 Nb6 23. Bxf7 Qxf7 24. Qxh7 1-0

[Event "Condom op 10th"]
[Site "Condom"]
[Date "2010.??.??"]
[Round "5.11"]
[White "Fantinel, Thibault"]
[Black "Tchefranoff, Stephane"]
[Result "1-0"]
[WhiteElo "2209"]
[BlackElo "1895"]
[PlyCount "49"]
[EventDate "2010.07.??"]
[EventType "swiss"]
[EventRounds "9"]
[EventCountry "FRA"]
[WhiteTeamCountry "FRA"]
[BlackTeamCountry "FRA"]

1. c4 e5 2. g3 d6 3. Bg2 f5 4. Nc3 Nf6 5. d3 c6 6. e4 Na6 7. Nge2 Be7 8. O-O
O-O 9. h3 Nc7 10. exf5 Bxf5 11. d4 Qe8 12. g4 Be6 13. d5 cxd5 14. cxd5 Bd7 15.
Ng3 Qf7 16. f4 e4 17. Ngxe4 Nxe4 18. Bxe4 Bf6 19. Qd3 Bxc3 20. bxc3 g6 21. Rb1
Rab8 22. Be3 a6 23. f5 gxf5 24. Bxf5 Qxd5 25. Bxh7+ 1-0

[Event "Open International d'Ambès 2010"]
[Site "Ambes"]
[Date "2010.??.??"]
[Round "7.2"]
[White "Favarel, Antoine"]
[Black "Dgebuadze, Alexandre"]
[Result "0-1"]
[WhiteElo "2231"]
[BlackElo "2539"]
[PlyCount "44"]
[EventDate "2010.04.??"]
[EventType "swiss"]
[EventRounds "9"]
[EventCountry "FRA"]
[WhiteTeamCountry "FRA"]
[BlackTeamCountry "FRA"]

1. e4 e6 2. d4 d5 3. Nd2 Nf6 4. e5 Nfd7 5. Bd3 c5 6. c3 Nc6 7. Ne2 cxd4 8. cxd4
Qb6 9. Nf3 f6 10. exf6 Nxf6 11. O-O Bd6 12. Bf4 Bxf4 13. Nxf4 O-O 14. Qd2 Bd7
15. Rfe1 Rae8 16. Rad1 Re7 17. Bb1 Qc7 18. Ne5 Nxe5 19. Rxe5 Ng4 20. Rc1 Qd6
21. Qc2 g6 22. Nd3 Bb5 0-1

[Event "Open International d'Ambès 2010"]
[Site "Ambes"]
[Date "2010.??.??"]
[Round "?"]
[White "Favarel, Antoine"]
[Black "Galloux, Maxime"]
[Result "1-0"]
[WhiteElo "2231"]
[BlackElo "2021"]
[PlyCount "85"]
[EventDate "2010.04.??"]
[EventType "swiss"]
[EventRounds "9"]
[EventCountry "FRA"]
[WhiteTeamCountry "FRA"]
[BlackTeamCountry "FRA"]

1. e4 c6 2. d4 d5 3. e5 Bf5 4. Nf3 e6 5. Be2 Nd7 6. O-O Ne7 7. Be3 Bg4 8. Nbd2
Nf5 9. h3 Nxe3 10. fxe3 Bf5 11. Ne1 Be7 12. Bd3 Bg5 13. Qf3 O-O 14. Bxf5 exf5
15. Nb3 g6 16. g3 Qe7 17. Ng2 f6 18. exf6 Nxf6 19. Nc5 Rae8 20. Rfe1 b6 21. Nd3
Nd7 22. b3 Qd6 23. Ngf4 Bd8 24. h4 b5 25. c3 Bc7 26. a4 bxa4 27. Rxa4 Bb8 28.
c4 dxc4 29. Rxc4 Rc8 30. Rec1 c5 31. dxc5 Ne5 32. Nxe5 Qxe5 33. Qd5+ Kh8 34.
Qxe5+ Bxe5 35. Kf2 a5 36. Ra4 Rb8 37. Rxa5 Rxb3 38. c6 Bc7 39. Rd5 Re8 40. Rd7
Bb6 41. Nd5 Bxe3+ 42. Nxe3 Rbxe3 43. c7 1-0

[Event "Condom op 10th"]
[Site "Condom"]
[Date "2010.??.??"]
[Round "2.11"]
[White "Favarel, Antoine"]
[Black "Lebraud, Eric"]
[Result "1/2-1/2"]
[WhiteElo "2244"]
[BlackElo "2018"]
[PlyCount "83"]
[EventDate "2010.07.??"]
[EventType "swiss"]
[EventRounds "9"]
[EventCountry "FRA"]
[WhiteTeamCountry "FRA"]
[BlackTeamCountry "FRA"]

1. e4 c5 2. Nf3 e6 3. c3 d5 4. exd5 Qxd5 5. d4 Nf6 6. Na3 Qd8 7. Nc2 Nc6 8. Bb5
Bd7 9. O-O Be7 10. dxc5 Bxc5 11. Qe2 O-O 12. Bg5 Be7 13. Rfd1 Qc7 14. Rd2 Rfd8
15. Rad1 Be8 16. Bd3 Rac8 17. Bh4 a6 18. Ncd4 Nxd4 19. Nxd4 b5 20. a3 Rd5 21.
Nf3 Rcd8 22. Bg3 Bd6 23. Bxd6 R8xd6 24. Bc2 Rxd2 25. Rxd2 Rxd2 26. Qxd2 Bc6 27.
Nd4 Bd5 28. a4 bxa4 29. Bxa4 Ne4 30. Qe2 Qa5 31. Qd1 Nc5 32. Bc2 Qc7 33. b3 Qb6
34. b4 Nd7 35. Kh1 Ne5 36. h3 Qc7 37. Qe2 Bc4 38. Qe4 g6 39. f4 Nd7 40. Nc6 Bb5
41. Nd4 Qxc3 42. Nxb5 1/2-1/2

[Event "Condom op 10th"]
[Site "Condom"]
[Date "2010.??.??"]
[Round "4.4"]
[White "Favarel, Antoine"]
[Black "Muratet, Lucas"]
[Result "1-0"]
[WhiteElo "2244"]
[BlackElo "1958"]
[PlyCount "81"]
[EventDate "2010.07.??"]
[EventType "swiss"]
[EventRounds "9"]
[EventCountry "FRA"]
[WhiteTeamCountry "FRA"]
[BlackTeamCountry "FRA"]

1. e4 c5 2. Nf3 d6 3. Bb5+ Nd7 4. d4 cxd4 5. Qxd4 Ngf6 6. Nc3 a6 7. Bxd7+ Bxd7
8. O-O Bc6 9. Bg5 h6 10. Bxf6 gxf6 11. Rad1 Rg8 12. Nd5 h5 13. c4 Bxd5 14. Qxd5
Qc8 15. Rd3 e6 16. Qd4 Be7 17. Nd2 Qc7 18. Rh3 Qa5 19. Nb3 Qa4 20. Rxh5 Rc8 21.
Nd2 Rc5 22. Rh3 Rcg5 23. Rg3 Qc6 24. b3 Bd8 25. Rxg5 Rxg5 26. h3 Ke7 27. Nf3
Rg6 28. b4 Bb6 29. Qd3 Rg8 30. Rd1 Bc7 31. Nd4 Qa4 32. Qb3 Qd7 33. c5 Qc8 34.
c6 Bb6 35. cxb7 Qxb7 36. Qd3 f5 37. Nf3 Qxe4 38. Qxd6+ Kf6 39. Qxb6 Qxf3 40.
Qd4+ Ke7 41. Qh4+ 1-0

[Event "Condom op 10th"]
[Site "Condom"]
[Date "2010.??.??"]
[Round "6.5"]
[White "Favarel, Antoine"]
[Black "Samolins, Vitalijs"]
[Result "1/2-1/2"]
[WhiteElo "2244"]
[BlackElo "2408"]
[PlyCount "91"]
[EventDate "2010.07.??"]
[EventType "swiss"]
[EventRounds "9"]
[EventCountry "FRA"]
[WhiteTeamCountry "FRA"]
[BlackTeamCountry "FRA"]

1. e4 e5 2. Nf3 Nc6 3. Bb5 g6 4. d4 exd4 5. Bg5 f6 6. Bf4 Bg7 7. O-O Nge7 8.
Nxd4 f5 9. e5 Nxd4 10. Qxd4 c6 11. Be2 d5 12. Bg5 Be6 13. f4 Qb6 14. Qxb6 axb6
15. Nd2 Kf7 16. c3 Ra4 17. Bd1 Ra6 18. Be2 Ra4 19. Bd1 Ra7 20. Bh4 Rha8 21. a3
Bf8 22. Nf3 h6 23. Nd4 Nc8 24. g4 Bc5 25. Bc2 Ne7 26. Kh1 Rg8 27. Nxe6 Kxe6 28.
b4 Be3 29. Bxe7 Kxe7 30. Rf3 d4 31. gxf5 gxf5 32. cxd4 Rxa3 33. Re1 Rc3 34.
Bxf5 Bxd4 35. Rxc3 Bxc3 36. Re4 c5 37. b5 Bd4 38. h3 Rg3 39. Bc8 Re3 40. Bxb7
Rxe4 41. Bxe4 Be3 42. f5 Bd4 43. e6 c4 44. Kg2 Bf6 45. Kf3 h5 46. Bc6 1/2-1/2

[Event "Condom op 10th"]
[Site "Condom"]
[Date "2010.??.??"]
[Round "1.6"]
[White "Favrot, Stephane"]
[Black "Dargagnon, Sylvain"]
[Result "1-0"]
[WhiteElo "1662"]
[BlackElo "1480"]
[PlyCount "67"]
[EventDate "2010.07.??"]
[EventType "swiss"]
[EventRounds "9"]
[EventCountry "FRA"]
[WhiteTeamCountry "FRA"]
[BlackTeamCountry "FRA"]

1. e4 c5 2. c3 Nc6 3. d4 e6 4. d5 exd5 5. exd5 Ne5 6. Qe2 Qe7 7. Be3 d6 8. Nd2
Nf6 9. O-O-O a6 10. Ngf3 Bg4 11. h3 Bd7 12. Nxe5 Qxe5 13. f4 Qe7 14. Qf3 Qd8
15. Bxc5 dxc5 16. Re1+ Be7 17. d6 Bc6 18. Qd3 Nd5 19. dxe7 Nxe7 20. Qe3 Qd6 21.
Nc4 Qe6 22. Qf2 Qf6 23. Qxc5 Qxf4+ 24. Re3 Qf6 25. Bd3 Rd8 26. Rhe1 Rd7 27. Bf5
Rc7 28. Qb6 Rd7 29. Bxd7+ Bxd7 30. Qxf6 gxf6 31. Rxe7+ Kd8 32. Nd6 Be6 33.
R1xe6 fxe6 34. Rxe6 1-0

[Event "Condom op 10th"]
[Site "Condom"]
[Date "2010.??.??"]
[Round "5.4"]
[White "Fejzovski, Enver"]
[Black "Grigore, George Gabriel"]
[Result "0-1"]
[WhiteElo "2127"]
[BlackElo "2532"]
[PlyCount "80"]
[EventDate "2010.07.??"]
[EventType "swiss"]
[EventRounds "9"]
[EventCountry "FRA"]
[WhiteTeamCountry "FRA"]
[BlackTeamCountry "FRA"]

1. Nf3 Nf6 2. d4 g6 3. c3 Bg7 4. e3 d6 5. Bd3 Nbd7 6. Nbd2 O-O 7. O-O e5 8. a4
Re8 9. dxe5 dxe5 10. e4 Nc5 11. Bc2 b6 12. b4 Nd3 13. Bb3 Bh6 14. Ba3 Bg4 15.
h3 Bxf3 16. Qxf3 Bxd2 17. Rad1 Nf4 18. Bc1 Bxc1 19. Rxd8 Raxd8 20. Bc4 Bd2 21.
g3 Nxh3+ 22. Kg2 Ng5 23. Qxf6 Rd6 24. Bxf7+ Nxf7 25. Qf3 Kg7 26. Rh1 Re7 27. b5
Ng5 28. Qe2 Bxc3 29. Rd1 Bd4 30. Qg4 Ne6 31. Rh1 Rf7 32. Rf1 h5 33. Qe2 Rd8 34.
Qa2 Rf6 35. Qc4 Rdf8 36. f3 R8f7 37. Qa2 Ng5 38. Qb3 Rxf3 39. Rxf3 Rxf3 40. Qd5
Rf2+ 0-1

[Event "Condom op 10th"]
[Site "Condom"]
[Date "2010.??.??"]
[Round "1.20"]
[White "Fejzovski, Enver"]
[Black "Lecoultre, Patrick"]
[Result "1-0"]
[WhiteElo "2127"]
[BlackElo "1768"]
[PlyCount "51"]
[EventDate "2010.07.??"]
[EventType "swiss"]
[EventRounds "9"]
[EventCountry "FRA"]
[WhiteTeamCountry "FRA"]
[BlackTeamCountry "FRA"]

1. Nf3 Nf6 2. d4 c5 3. c3 cxd4 4. cxd4 d5 5. Nc3 g6 6. Bf4 Bg7 7. Bxb8 Rxb8 8.
Qa4+ Bd7 9. Qxa7 O-O 10. e3 Qc7 11. Qa3 Bg4 12. Ne5 Ra8 13. Qb3 Be6 14. Be2 Qa5
15. O-O Ne4 16. Nxe4 dxe4 17. Bc4 Bxc4 18. Nxc4 Qd5 19. Nb6 Qxb3 20. axb3 Rxa1
21. Rxa1 Rd8 22. Ra7 e6 23. Rxb7 f5 24. g3 Kf8 25. Nd7+ Ke7 26. Nc5+ 1-0

[Event "FRA T U 20"]
[Site "Mulhouse"]
[Date "2010.??.??"]
[Round "2.4"]
[White "Fischer, Julie"]
[Black "Dumas, Charles"]
[Result "1/2-1/2"]
[WhiteElo "1707"]
[BlackElo "1783"]
[PlyCount "149"]
[EventDate "2010.??.??"]
[EventType "match"]
[EventCountry "FRA"]
[WhiteTeamCountry "FRA"]
[BlackTeamCountry "FRA"]

1. e4 c6 2. d4 d5 3. Nc3 dxe4 4. Nxe4 Nf6 5. Nxf6+ gxf6 6. c3 Bf5 7. Ne2 Nd7 8.
Ng3 Bg6 9. f4 e6 10. f5 Bxf5 11. Nxf5 exf5 12. Be2 Qc7 13. O-O Bd6 14. h3 O-O-O
15. Bd3 Rhg8 16. Bxf5 Rg3 17. Rf3 Rdg8 18. Rxg3 Bxg3 19. Be3 Bf4 20. Bxd7+ Kxd7
21. Bxf4 Qxf4 22. Qb3 Qg3 23. Qxf7+ Kc8 24. Qe6+ Kc7 25. Qe4 Qxh3 26. Re1 Qd7
27. Qf4+ Kb6 28. Qxf6 Qd5 29. Qf2 h5 30. Re5 Qxa2 31. d5+ Kb5 32. d6+ Ka6 33.
Rxh5 Qb1+ 34. Qf1+ Qxf1+ 35. Kxf1 Rd8 36. Rh6 Kb6 37. Ke2 Kc5 38. Rh7 Kb6 39.
d7 Kc7 40. Ke3 Rxd7 41. Rh5 Rd1 42. g4 Rg1 43. g5 Kd6 44. Rh6+ Ke5 45. g6 Ke6
46. Rh7 Rxg6 47. Rxb7 Ke5 48. Rxa7 Rg3+ 49. Kd2 Rg2+ 50. Kc1 Kd5 51. Rd7+ Kc4
52. Rd4+ Kc5 53. Rd2 Rg4 54. Kc2 Kb5 55. Kb3 c5 56. Rd5 Rc4 57. Rd8 Rg4 58.
Rb8+ Kc6 59. Ka3 Rf4 60. b4 cxb4+ 61. cxb4 Rf1 62. Rc8+ Kb5 63. Rc5+ Kb6 64.
Re5 Ra1+ 65. Kb2 Rf1 66. Kc3 Rd1 67. Kc4 Rc1+ 68. Kb3 Rd1 69. Ra5 Rb1+ 70. Kc4
Rc1+ 71. Kb3 Rb1+ 72. Kc3 Rc1+ 73. Kb2 Re1 74. Rc5 Re3 75. Rd5 1/2-1/2

[Event "GMI w Condom 2010"]
[Site "Condom"]
[Date "2010.??.??"]
[Round "8.5"]
[White "Fomichenko, Eduard"]
[Black "Congiu, Mathilde"]
[Result "1/2-1/2"]
[WhiteElo "2458"]
[BlackElo "2199"]
[PlyCount "70"]
[EventDate "2010.07.??"]
[EventType "tourn"]
[EventCountry "FRA"]
[WhiteTeamCountry "FRA"]
[BlackTeamCountry "FRA"]

1. Nf3 d5 2. d4 Nf6 3. c4 c6 4. Nc3 dxc4 5. a4 Bf5 6. e3 e6 7. Bxc4 Bb4 8. O-O
Nbd7 9. Qe2 Bg4 10. h3 Bxf3 11. Qxf3 O-O 12. Na2 Bd6 13. Rd1 Qe7 14. Bf1 e5 15.
Nc3 a5 16. b3 Nb6 17. g3 Nbd5 18. Nxd5 Nxd5 19. e4 Nb4 20. dxe5 Bxe5 21. Rb1 c5
22. Bc4 Nc6 23. Bd5 Nd4 24. Qd3 g6 25. Bb2 Rad8 26. Kg2 b6 27. Rf1 Bg7 28. Qc4
Rd6 29. f4 Rxd5 30. exd5 Qe4+ 31. Kg1 Ne2+ 32. Kf2 Nd4 33. Kg1 Ne2+ 34. Kf2 Nd4
35. Kg1 Ne2+ 1/2-1/2